| 000 | 00506nam a22001817a 4500 | ||
|---|---|---|---|
| 005 | 20230131143848.0 | ||
| 008 | 230131b ||||| |||| 00| 0 eng d | ||
| 040 | _cAL | ||
| 041 | _aEnglish | ||
| 082 |
_223 _a658.3 _bNORH |
||
| 100 |
_aP A Noronha _970291 |
||
| 245 | _aHuman Resource Management | ||
| 260 |
_aPune _bSymbiosis Centre for Distance Learning _c2008 |
||
| 300 |
_a422 p. _bPB _c24x18 cm. |
||
| 650 |
_aHuman Resource Management _970292 |
||
| 700 |
_aNORONHA (P A) _970293 |
||
| 942 |
_2ddc _cDB |
||
| 999 |
_c226495 _d226495 |
||